000 00738nam a22001937a 4500
003 OSt
005 20251108141714.0
008 251107b |||||||| |||| 00| 0 eng d
040 _c0
082 _aDPer 372.83044 SoI31 September 2022-April 2023 v. 35 n. 1-4
100 _aEllsworth, Tina M.
_eauthor.
_969304
245 _aThere is no Kansas City without black Kansas City /
_cTina M. Ellsworth and Toni Gates.
260 _aNCSS Publication ;
_cMarch-April 2023.
300 _aVolume 35, pages 3-8 :
_billustration ;
_c28 cm.
500 _aSocial Studies and the Young Learner, vol. 35, no. 3, pages 3-8, March/April 2023.
700 _aEllsworth, Tina M.
_eauthor.
_969304
710 _aGates, Toni.
_eauthor.
_969305
942 _2ddc
_cPER
999 _c24175
_d24175